[Event "Hillerod-ch B"]
[Site "Hillerod"]
[Date "2004.05.25"]
[Round "5"]
[White "Sondergaard, Jens"]
[Black "Rasmussen, Ole H"]
[Result "1-0"]
[WhiteElo "1642"]
[BlackElo "1637"]
[PlyCount "92"]
[EventDate "2004.04.27"]
[EventType "tourn"]
[EventRounds "7"]
[EventCountry "DEN"]
[SourceTitle "EXT 2023"]
[Source "ChessBase"]
[SourceDate "2022.10.05"]
[SourceVersion "1"]
[SourceVersionDate "2022.10.05"]
[SourceQuality "1"]

1. e4 c5 2. Nf3 d6 3. Nc3 Nc6 4. d3 g6 5. Be2 Bg7 6. 0-0 Nf6 7. Ne1 Nd4 8. Be3 Nxe2+ 9. Nxe2 Ng4 10. Bc1 e5 11. f3 Nf6 12. c3 h5 13. Qb3 h4 14. Bg5 Qd7 15. Qc2 Rh5 16. Qd2 Nh7 17. Be3 Qe7 18. Rd1 Be6 19. a3 0-0-0 20. b4 f5 21. Qc2 f4 22. Bf2 h3 23. g3 g5 24. g4 Rh6 25. Qa4 b6 26. c4 Qb7 27. Nc3 Nf6 28. Rb1 Bd7 29. Nb5 Kb8 30. Qc2 Bc6 31. a4 Bxb5 32. cxb5 cxb4 33. Rxb4 Rc8 34. Qa2 d5 35. Nc2 Bf8 36. Rbb1 dxe4 37. dxe4 Nd7 38. Nb4 Nc5 39. Nc6+ Rhxc6 40. bxc6 Qxc6 41. Rbc1 Qxa4 42. Qd5 Qe8 43. Bxc5 Rd8 44. Qc4 Rc8 45. Qd5 Rd8 46. Qb3 Rc8 1-0

[Event "Hillerod-ch B"]
[Site "Hillerod"]
[Date "2004.05.11"]
[Round "3"]
[White "Svendsen, Niels Leth"]
[Black "Sondergaard, Jens"]
[Result "1/2-1/2"]
[WhiteElo "1707"]
[BlackElo "1642"]
[PlyCount "105"]
[EventDate "2004.04.27"]
[EventType "tourn"]
[EventRounds "7"]
[EventCountry "DEN"]
[SourceTitle "EXT 2023"]
[Source "ChessBase"]
[SourceDate "2022.10.05"]
[SourceVersion "1"]
[SourceVersionDate "2022.10.05"]
[SourceQuality "1"]

1. d4 Nf6 2. Nf3 e6 3. Bg5 Be7 4. Nbd2 b6 5. e3 Bb7 6. Bd3 d6 7. 0-0 Nbd7 8. Qe2 h6 9. Bh4 0-0 10. c3 Rc8 11. Rad1 Nh5 12. Bxe7 Qxe7 13. Ba6 Bxa6 14. Qxa6 Ra8 15. Rfe1 c5 16. Qe2 Rac8 17. e4 Nf4 18. Qe3 Ng6 19. Nf1 e5 20. dxe5 dxe5 21. Ng3 Rfd8 22. Nf5 Qf8 23. Nd6 Rb8 24. Rd2 Nf6 25. Red1 Qe7 26. Nf5 Qe8 27. Ng3 Rxd2 28. Rxd2 Rd8 29. Rxd8 Qxd8 30. Qd2 Qe8 31. Ne1 Qc6 32. f3 c4 33. Nf5 Qc5+ 34. Qf2 Qc7 35. g3 Qd7 36. Qe2 b5 37. a3 Kf8 38. Ne3 Ne7 39. Kg2 Qd6 40. N3c2 a5 41. Kf1 Nd7 42. Ne3 Nc5 43. Qd1 Qc7 44. Ke2 g6 45. Nd5 Nxd5 46. Qxd5 f6 47. a4 bxa4 48. Qxc4 Qb6 49. Nd3 Nxd3 50. Kxd3 Qxb2 51. Qc8+ Ke7 52. Qc7+ Ke8 53. Qc8+ 1/2-1/2